000 00393nab a22001097u 4500
008 130520b2011 xxu||||| |||| 00| 0 spa d
041 _aspa
100 1 _aLucchetti Bingemer, Maria Clara
_95380
245 0 0 _aEl amor escondido. Notas sobre la kénosis del Espíritu en Occidente
_cMaria Clara Lucchetti Bingemer
773 0 _tConcilium
_gnº342,2011,págs. 63-76
_x0210-1041
_wRev134
942 _cAR
999 _c418017
_d418017